| 000 | 00608nam a22002057a 4500 | ||
|---|---|---|---|
| 005 | 20251108173054.0 | ||
| 008 | 250721s2000 xx 000 0 ara d | ||
| 082 | 1 | 4 | _aط/ ق/ إبر |
| 100 | 1 | _aالإبراشي، عطية | |
| 245 | 1 | 0 | _aأطفال الغابة / |
| 250 | _aط/21 | ||
| 264 | 1 |
_aالقاهره : _bدار المعارف، _c2000. |
|
| 300 | _a47 ص | ||
| 490 | 0 |
_aالمكتبة الخضراء للأطفال _v1 |
|
| 650 | 1 | 7 | _aأدب الأطفال |
| 650 | 1 | 7 | _aالقصص |
| 653 | _aاطفال مرحله متوسطه (6-9) سنوات | ||
| 942 |
_2ddc _cBK |
||
| 999 |
_c95419 _d95419 |
||